000 00213 a2200097 4500
001 3362
100 _aNoakes, G.R
245 _aServ textbook electrical fundamentals
260 _a
_bH.M.S
_c
090 _c2639
_d2639
942 _aNUST-CAE
_cM
_c18213
999 _c238435
_d238435